| 000 | 00498nam a2200181Ia 4500 | ||
|---|---|---|---|
| 003 | OSt | ||
| 005 | 20240521121653.0 | ||
| 008 | 230222s9999||||xx |||||||||||||| ||und|| | ||
| 020 | _a9781284055979 | ||
| 040 | _cChuka University Library | ||
| 050 |
_a SLB QC 522 _bT4 2015 |
||
| 100 |
_a Connie Henke Yarbro; et al _97731 |
||
| 245 | 0 | _aCancer Nursing Principles and Practice | |
| 250 | _a8th ed. | ||
| 260 |
_aBurlington _bAscend Learning Company _c2015 |
||
| 300 | _a 2169p. | ||
| 942 |
_cBK _2lcc |
||
| 999 |
_c12840 _d12840 |
||